| 000 | 00466nam a2200157Ia 4500 | ||
|---|---|---|---|
| 001 | 1086 | ||
| 008 | 241024s9999 xx 000 0 und d | ||
| 020 | _a978-987-1439-74-4 | ||
| 082 | _aRD370/U54m/2010 | ||
| 100 | _aUNESCO | ||
| 245 | 0 | _aMetas Educativas 2021: Desafíos y oportunidades. Informe sobre tendencias sociales y educativas en América Latina 2010 | |
| 260 |
_bSanto Domingo _c2010 |
||
| 590 | _asi | ||
| 901 | _a28/12/2010 10:04:39 a.m. | ||
| 999 |
_c7531 _d7531 |
||